000 00513nam a22001937a 4500
003 OSt
005 20151127124028.0
008 151127b xxu||||| |||| 00| 0 eng d
020 _a0333362985
040 _cDDC.
082 _a372EDU 1983
100 _aEdited by Greenland,Jeremy;
_96352
245 _aIn-service Training of Primary Teachers in Africa.
260 _aLondon
_bMacmillan
_c1983.
300 _ax,324p;
_bill;
_c22cm
504 _aincludes index.
650 _aTeaching.
_9776
942 _2ddc
_cSLOAN
999 _c2719
_d2719